[Event "Fraiburgo Alvino Memorial 3rd"]
[Site "Fraiburgo"]
[Date "2013.07.21"]
[Round "6"]
[White "De Souza, Rodrigo Fernando Me"]
[Black "Costa, Ane Caroline"]
[Result "1-0"]
[WhiteElo "1777"]
[BlackElo "1649"]
[PlyCount "83"]
[EventDate "2013.07.19"]
[EventType "swiss"]
[EventRounds "6"]
[EventCountry "BRA"]
[SourceTitle "CBM 155 Extra"]
[Source "ChessBase"]
[SourceDate "2013.08.26"]
[SourceVersion "1"]
[SourceVersionDate "2013.08.26"]
[SourceQuality "1"]

1. d4 d5 2. c4 e5 3. dxe5 d4 4. a3 Nc6 5. Nf3 Nge7 6. Nbd2 Ng6 7. Nb3 Ngxe5 8. Nxe5 Nxe5 9. Qxd4 Qxd4 10. Nxd4 Nxc4 11. e4 Nd6 12. e5 c5 13. Nb5 Nxb5 14. Bxb5+ Bd7 15. Bxd7+ Kxd7 16. 0-0 Re8 17. Rd1+ Kc8 18. f4 Be7 19. Be3 Rd8 20. f5 b6 21. Rac1 Rxd1+ 22. Rxd1 Rd8 23. Rxd8+ Kxd8 24. g4 Kd7 25. g5 Kc6 26. Kf2 Kd5 27. f6 Bf8 28. Bf4 Ke4 29. Bg3 b5 30. Ke2 Kd4 31. Kd2 a5 32. Bf2+ Kxe5 33. Bxc5 gxf6 34. Bxf8 fxg5 35. Kd3 f5 36. Bg7+ Kf4 37. Ke2 h5 38. Kf2 Kg4 39. Kg2 f4 40. Bc3 a4 41. h3+ Kh4 42. Be1# 1-0